000 00567nam a22002177a 4500
003 UA-OsUOA
001 114713
007 ta
008 20151123b un ||||| |||| 00| 0 ukr d
100 _aГордієнко О.
090 _a82
_bГ68
942 _cSA
040 _aUA-OsUOA
_bukr
_cUA-OsUOA
_dUA-OsUOA
245 _aУкраїнські поети на польських теренах
300 _aС.11
955 _a0
041 _aukr
080 _a82
773 0 _w114712
650 7 _a82 Література. Літературознавство
_2UDC
999 _c400859
_d400859